01642nab a2200229 i 45000010005000000030009000050050017000140080039000310400021000700410013000910800015001041000144001192450153002632460106004165000021005225200269005436500029008126500018008417000147008597000151010067730255011573854KOSZ 00520191017092923.0150213s1998 pl | | |000 ||pol cBPKdKOSZ 005/ac apolbeng a624.012.451 aBIERUT, Waldemar.d1996 - .bPolitechnika Koszalińska - Wydział Budownictwa i Inżynierii Środowiska,cKatedra Konstrukcji Betonowych10aWybrane problemy obliczania konstrukcji żelbetowych na ścinanie według PrPN/B-03264 /cWaldemar Bierut, Waldemar Borjaniec, Zdzisław Piątek.31aSome chosen issues of desing of reinforced concrete constructions for shear according to PrPN/B-03264 aDane z autopsji. aW artykule przedstawiono aspekt praktycznego wykorzystania założeń i norm, wskazując na problemy z jakimi spotka się projektant oraz przedstawiając relacje pomiędzy wielkościami składowych sił, występujących w strefie przy podporowej elementu. 0aKonstrukcje żelbetowe. 0aProjektowanie1 aBORJANIEC, Waldemar.d1996 - .bPolitechnika Koszalińska - Wydział Budownictwa i Inżynierii Środowiska,cKatedra Konstrukcji Betonowych1 aPIĄTEK, Zdzisław.d1996 - 2007.bPolitechnika Koszalińska - Wydział Budownictwa i Inżynierii Środowiska,cKatedra Konstrukcji Betonowych0 iW :tProblemy budownictwa i ochrony środowiska u progu XXI wieku. -dKoszalin : Wydaw. Uczelniane Politechniki Koszalińskiej, 1998. -gs. 35-42kZeszyty Naukowe Wydziału Budownictwa i Inżynierii Środowiska / Politechnika Koszalińska; nr 13